|
|
|
|
| LEADER |
01656nam a22003974a 4500 |
| 001 |
EBC3570764 |
| 003 |
MiAaPQ |
| 005 |
20200520144314.0 |
| 006 |
m o d | |
| 007 |
cr cn||||||||| |
| 008 |
020718s2002 moua sb s001 0 eng |
| 010 |
|
|
|z 2002028796
|
| 020 |
|
|
|z 9780826263667
|
| 020 |
|
|
|z 0826214223
|
| 035 |
|
|
|a (MiAaPQ)EBC3570764
|
| 035 |
|
|
|a (Au-PeEL)EBL3570764
|
| 035 |
|
|
|a (CaPaEBR)ebr10048228
|
| 035 |
|
|
|a (OCoLC)56422732
|
| 040 |
|
|
|a MiAaPQ
|c MiAaPQ
|d MiAaPQ
|
| 050 |
|
4 |
|a HC295
|b .L95 2002
|
| 082 |
0 |
4 |
|a 330.9495/074
|2 21
|
| 100 |
1 |
|
|a Lykogiannis, Athanasios.
|
| 245 |
1 |
0 |
|a Britain and the Greek economic crisis, 1944-1947
|h [electronic resource] :
|b from liberation to the Truman Doctrine /
|c Athanasios Lykogiannis.
|
| 260 |
|
|
|a Columbia :
|b University of Missouri Press,
|c c2002.
|
| 300 |
|
|
|a xvii, 287 p. :
|b ill.
|
| 500 |
|
|
|a Originally presented as the author's thesis (doctoral)--London School of Economics, 1999.
|
| 504 |
|
|
|a Includes bibliographical references (p. 263-274) and index.
|
| 533 |
|
|
|a Electronic reproduction. Ann Arbor, MI : ProQuest, 2016. Available via World Wide Web. Access may be limited to ProQuest affiliated libraries.
|
| 651 |
|
0 |
|a Great Britain
|x Foreign economic relations
|z Greece.
|
| 651 |
|
0 |
|a Greece
|x Economic conditions
|y 1918-1974.
|
| 651 |
|
0 |
|a Greece
|x Economic policy
|y 1918-1974.
|
| 651 |
|
0 |
|a Greece
|x Foreign economic relations
|z Great Britain.
|
| 651 |
|
0 |
|a Greece
|x Politics and government
|y 1935-1967.
|
| 655 |
|
4 |
|a Electronic books.
|
| 710 |
2 |
|
|a ProQuest (Firm)
|
| 856 |
4 |
0 |
|u https://ebookcentral.proquest.com/lib/matrademy/detail.action?docID=3570764
|z Click to View
|